000 00814cab a2200181 4500
001 ##L132473
008 060213n2006 000 0 eng u
035 _a(Sirsi) u132473
041 0 _aeng
100 1 _aHankinson, Andrew
245 0 0 _aNever trust a cowboy
260 _c2006
490 0 _aConstruction News
_v(6953) 9 February 2006, 12-13(2)
520 _aReports on the TrustMark scheme, a new standard for domestic building work, which it is hoped will finally force cowboy builders out of existence. Already 5,000 members from 10 trade associations have signed up to the scheme. It replaces Quality Mark, which failed to attract industry support, primarily because of the expense involved in joining.
590 _aIKA140206
690 _aMANAGEMENT-QUALITY MANAGEMENT-QUALITY ASSURANCE
942 _n0
999 _c76465
_d76465